| 000 | 02299nam0a2200409 4500 | ||
|---|---|---|---|
| 001 | RU\NLR\bibl\1188958 | ||
| 005 | 20250615094620.0 | ||
| 010 |
_a5-7944-0784-0 _9100 |
||
| 021 |
_aRU _b2007-90668 _94901 |
||
| 035 | _a(nilc)EL/0000169021 | ||
| 035 | _a(NLR Aleph) 001175523 | ||
| 090 |
_a1624491 _c1624491 |
||
| 100 | _a20080123d2007 |||y0rusy50 ca | ||
| 101 | 0 | _arus | |
| 102 | _aRU | ||
| 105 | _aa ||||||||| | ||
| 200 | 1 |
_aПроектирование цифровых систем управления. Теория и моделирование в MATLAB _eучебно-методическое пособие _e[для студентов физического факультета специальности "Радиофизика и электроника"] _fА.Ю. Ощепков _gФедер. агентство по образованию, ГОУВПО "Перм. гос. ун-т" |
|
| 210 |
_aПермь _cредакционно-издательский отдел Пермского государственного университета _d2007 |
||
| 215 |
_a138, [1] с. _cил. _d20 |
||
| 225 | 1 | _aНациональный проект "Образование" | |
| 313 | _aMatlab Simulink | ||
| 320 | _aБиблиогр.: с. 138 (6 назв.) | ||
| 517 | 0 | _aТеория и моделирование в MATLAB | |
| 606 | 1 |
_aСАУ цифровые _jУчебно-методические пособия для высших учебных заведений _xСАПР _92314401 _3RU\NLR\auth\661384954 |
|
| 606 | 1 |
_aMATLAB Simulink, пакет прикладных программ _jУчебно-методические пособия для высших учебных заведений _xПрименение в автоматике _92410669 _3RU\NLR\auth\661436339 |
|
| 686 |
_a32.965.9я73 _vLBC/RL _2rubbk |
||
| 686 | _aЗ965.6-02-5-05я73-1 | ||
| 700 | 1 |
_4070 _aОщепков _bА. Ю. _cканд. физ.-мат. наук _gАлександр Юрьевич _9166847 _3RU\NLR\AUTH\770166894 |
|
| 801 | 0 |
_aRU _bПермская ГОУБ _c20080123 _grcr |
|
| 801 | 1 |
_aRU _bПермская ГОУБ _c20080123 |
|
| 801 | 2 |
_aRU _bNLR _c20080215 _grcr |
|
| 830 | _aАвт. по кн | ||
| 942 | _cBOOK | ||
| 980 | _aNB | ||
| 980 | _aNBR | ||